000 00438nam a2200181Ia 4500
001 24479
005 20260414151046.0
008 260414t2006||||xx |||||||||||||| ||spa||
041 _aESP
082 _a345.7C4
_bH44
100 _aHernández Lozano, Carlos A.
_eAUT
245 0 _aManual de derecho procesal civil
_b
260 _c2006
300 _apágs. :
_c23 cm.
650 _aDER
654 _aCDE
942 _cLIB
_dJUS
_fJUS
_2ddc
_n
999 _c24479
_d24479